|
|
|
|
| LEADER |
00000nlm0a2200000 4500 |
| 001 |
197033 |
| 005 |
20240117131521.0 |
| 035 |
|
|
|a (RuTPU)RU\TPU\book\214931
|
| 035 |
|
|
|a RU\TPU\book\214823
|
| 090 |
|
|
|a 197033
|
| 100 |
|
|
|a 20110603d2011 k y0rusy50 ca
|
| 101 |
0 |
|
|a rus
|
| 102 |
|
|
|a RU
|
| 105 |
|
|
|a a dm 000zy
|
| 135 |
|
|
|a drgn ---uucaa
|
| 181 |
|
0 |
|a i
|
| 182 |
|
0 |
|a b
|
| 200 |
1 |
|
|a Особенности гидродинамики и тепломассопереноса в термосифонах для использования в теплоэнергетическом оборудовании
|e автореферат диссертации на соискание ученой степени кандидата технических наук
|e спец. 05.14.14
|e спец. 01.04.14
|f Аль-Ани Мааз Абдулвахед Зиб
|g Национальный исследовательский Томский политехнический университет (ТПУ), Энергетический институт (ЭНИН) ; науч. рук. Г. В. Кузнецов
|
| 203 |
|
|
|a Текст
|c электронный
|
| 210 |
|
|
|a Томск
|d 2011
|
| 215 |
|
|
|a 1 файл (7.1 Mb)
|
| 300 |
|
|
|a Заглавие с титульного экрана
|
| 300 |
|
|
|a Электронная версия печатной публикации
|
| 337 |
|
|
|a Adobe Reader
|
| 452 |
|
1 |
|0 (RuTPU)RU\TPU\book\218792
|t Особенности гидродинамики и тепломассопереноса в термосифонах для использования в теплоэнергетическом оборудовании
|o автореферат диссертации на соискание ученой степени кандидата технических наук
|o спец. 05.14.14
|o спец. 01.04.14
|f Аль-Ани Мааз Абдулвахед Зиб
|g Национальный исследовательский Томский политехнический университет (ТПУ), Энергетический институт (ЭНИН), Кафедра "Атомные и тепловые электрические станции" ; науч. рук. Г. В. Кузнецов
|c Томск
|d 2011
|p 19 с.
|a Аль-Ани Мааз Абдулвахед Зиб, 0
|
| 606 |
1 |
|
|a Термосифоны
|2 stltpush
|3 (RuTPU)RU\TPU\subj\59970
|9 77461
|
| 610 |
1 |
|
|a электронный ресурс
|
| 610 |
1 |
|
|a авторефераты диссертаций
|
| 610 |
1 |
|
|a гидродинамика
|
| 610 |
1 |
|
|a теплоперенос
|
| 610 |
1 |
|
|a исследование
|
| 610 |
1 |
|
|a конвекция
|
| 610 |
1 |
|
|a математическое моделирование
|
| 610 |
1 |
|
|a численные исследования
|
| 610 |
1 |
|
|a ТЭС
|
| 610 |
1 |
|
|a тепловые электрические станции
|
| 610 |
1 |
|
|a энергетическое оборудование
|
| 610 |
1 |
|
|a системы охлаждения
|
| 675 |
|
|
|a 621.1-462(04)
|v 3
|
| 686 |
|
|
|a 05.14.14
|2 oksvnk
|
| 686 |
|
|
|a 01.04.14
|2 oksvnk
|
| 700 |
|
0 |
|a Аль-Ани Мааз Абдулвахед Зиб
|
| 702 |
|
1 |
|a Кузнецов
|b Г. В.
|c специалист в области теплоэнергетики
|c профессор Томского политехнического университета, доктор физико-математических наук
|f 1949-
|g Гений Владимирович
|3 (RuTPU)RU\TPU\pers\25528
|4 727
|9 11458
|
| 712 |
0 |
2 |
|a Национальный исследовательский Томский политехнический университет (ТПУ)
|b Энергетический институт (ЭНИН)
|3 (RuTPU)RU\TPU\col\16913
|
| 801 |
|
2 |
|a RU
|b 63413507
|c 20151112
|g RCR
|
| 856 |
4 |
|
|u http://www.lib.tpu.ru/fulltext/a/2011/35.pdf
|
| 942 |
|
|
|c CF
|